Estatísticas para Cultura Geral

Clique aqui para jogar o quiz

Estatísticas Gerais

  • Esse quiz foi jogado 18 vezes
  • A pontuação média é 4 de 15

Estatísticas das Respostas

HintResposta% Correto
Em que país podemos encontrar Ciudad Juarez?México
67%
Quem era a deusa grega da sabedoria?Atena
60%
Que supermodelo se casou com Tom Brady em 2009?Gisele Bündchen
60%
Qual é o maior país sem litoral do mundo?Cazaquistão
53%
Qual empresa automobilística anunciou planos de mudar sua sede da Califórnia para o Texas em 2021?Tesla
33%
A Grande Barreira de Corais está localizada na costa de qual estado australiano?Queensland
27%
Pilsner lager leva o nome de uma cidade em que país?República Checa
27%
A que país pertence o queijo Chhurpi?China
20%
A que país pertence o queijo Imsil?Coreia do Sul
20%
Quem é o dono da taverna local de Springfield em "Os Simpsons"?Moe Szyslak
13%
Com qual cantor Lady Gaga colaborou no álbum de 2014 "Cheek To Cheek"?Tony Bennett
13%
A que país pertence o queijo Danbo?Dinamarca
7%
A que país pertence o queijo Testouri?Egito
7%
Quem é o vocalista da banda DE?Bono
0%
A que país pertence o queijo Anari?Chipre
0%

Distribuição das Pontuações

Percentil de Números Respondidos

Porcentagem de Pessoas com Cada Pontuação

Sua Pontuação Histórica

Você não jogou esse quiz